000 00724nam a2200265Ia 4500
005 20260121171426.0
008 008 260114s9999 xx 000 0 eng d
020 _a9783030305772
037 _aEBOOK
040 _aCRL
040 _beng
040 _cCRL
041 _2eng
041 _aeng
084 _qCRL
100 _aPradeep Kumar Singh, Bijaya Ketan Panigrahi, Nagender Kumar Suryadevara, Sudhir Kumar Sharma, Amit Prakash Singh
_91076078
245 0 _aProceedings of ICETIT 2019
260 _bSpringer
260 _bSpringer
260 _c2020
856 _uhttps://link.springer.com/openurl?genre=book&isbn=978-3-030-30577-2
942 _cEBOOK
999 _c1641808
_d1641808